Регионална библиотека "Любен Каравелов" - Русе

Приказки от стари майстори (Запис номер 371533)

MARC детайли
000 -Лидер
Контролно поле с фиксирана дължина 01473nam a22002897a 4500
003 - Код на организацията, давaща контролен номер
Контролно поле BLK
005 - Дата и час на последна редакция
Контролно поле 20250802154512.0
008 - Елементи от данни с фиксирана дължина
fixed length control field 200630b bu ||||| |||| 00| 0 bu d
020 ## - Международен стандартен номер на книга ISBN
Международен стандартен номер на книга ISBN 978-954-660-747-8
040 ## - Източник на каталожния запис
Идентификатор на билиотеката - собственик на записа BLK
041 ## - Код за език
Код за езика на текст/звукозапис или на отделно заглавие Български
Код за езика КДБФ Български
080 ## - УДК
Текстов определител УДК Българска литература
УДК код - определител по УДК 821.163.2
УДК определител -93-34
УДК - код + определител 821.163.2-93-34
139 ## - Редно поле
Редна дума Приказки от стари майстори
Авторски знак При - П 87
245 ## - Сведения за заглавието
Заглавие Приказки от стари майстори
Редно поле (дума) Състав. и ред. Костадин Костадинов; състав. и ред. Любомир Русанов; худож. Христо Димитров
257 ## - Страна на издаване
Страна на създаване/издаване България
260 ## - Област на издателските данни
9 (RLIN) 209558
Място на издаване, разпространение и проч. София
Име на издателя, разпространителя и проч. ПАН
Година на издаване 2016
Печатница [София] : Образование и наука
Издателство - префикс ISBN 978-954-660- ; 978-954-657-
300 ## - Физическа характеристика
Страници 80 с.
Илюстрации и др. с цв. ил.
Размери/Мащаб 23 см
380 ## - Жанр
Жанр Детска худож. лит.
500 ## - Общи забележки
Забележка Съдържа приказки от: Елин Пелин, Ран Босилек, Асен Разцветников, Ангел Каралийчев, Емилиян Станев
700 ## - Други автори (авторска отговорност)
9 (RLIN) 378451
Лично име Костадинов, Костадин Василев
Автороска отговорност (Описва отношението между автора и произведението) състав. и ред.
700 1# - Други автори (авторска отговорност)
Лично име Русанов, Любомир Кирилов
Автороска отговорност (Описва отношението между автора и произведението) състав. и ред.
9 (RLIN) 117434
700 ## - Други автори (авторска отговорност)
9 (RLIN) 1637
Лично име Димитров, Христо Димитров
Автороска отговорност (Описва отношението между автора и произведението) худож.
852 ## - Местоположение
Форматна сигнатура Цб 299474
Фондова буква Хранилище
999 ## - СИСТЕМНИ КОНТРОЛНИ НОМЕРА
Koha biblionumber 371533
Koha biblioitemnumber 371533
942 ## - АРТИКУЛИ
Вид на библиотечния материал Книги
Скрит в OPAC Не
Периодичен библиозапис Да
Koha issues (borrowed), all copies 4
944 ## - СЪЗДАВАНЕ И РЕДАКЦИЯ на ЗАПИСА
Създаване/Редакция Създаване
Дата на регистрацията/редакция 2020-06-30
Служител, извършил регистрацията/редакцията 30543
Статус, дата на статуса Ива Цветкова
999 ## - СИСТЕМНИ КОНТРОЛНИ НОМЕРА
Koha biblioitemnumber 371533
Наличности
Код за отписване Код за изгубен артикул Източник на класификационната схема Код за повреда Коз за рестрикции Код за отдаване Артикулен № Име на библиотеката - собственик Име на библиотеката, в която се намира в момента Статус (Текущо местоположение) Дата на вписване в системата Местоположение - отдел Цена в лева Систематично азбучна сигнатура Баркод Цена в евро Служебен тип на артикула Инвентарен номер
  Не е изгубен Universal Decimal Classification Не е повреден без рестрикции ползва се в читалня 780268 Регионална библиотека "Любен Каравелов" Русе Регионална библиотека "Любен Каравелов" Русе Хранилище 2020-07-03 Хранилище 10.90 Цб 299474 120000844116 5.57 Книги  
  Не е изгубен Universal Decimal Classification Не е повреден   заемане за дома 954596 Регионална библиотека "Любен Каравелов" Русе Регионална библиотека "Любен Каравелов" Русе Детски отдел 2024-11-11 Детски отдел 10.90 821.163.2-93/П 87 120000915234 5.57 Книги 120000915234
Vip Innovations Ltd, Rousse, Bulgaria 2025